00646nam a2200205 a 450000100060000000300080000600500170001400800410003103500190007204000270009104100080011808200240012610000210015024501400017126000460031130000280035750400270038565000100041265000180042272179BD-RjUL20211209082224.0170514s1959 enka b 000 0 eng  a(BD-RjUL)72395 aDLCcNhDdBD-RjULbeng aeng 223a661.4bHAE 19591 aHardie, D. W. F.10aElectrolytic manufacture of chemicals from salt :bPublished under the auspices of Imperial Chemical Industries Ltd. /cD. W. F. Hardie aLondon :bOxford University Press,c1959. a73 p. :bill. ;c23 cm. aIncludes bibliography. 0aSalt. 0aElectrolysis.